| 000 | 00624nam a2200217 a 4500 | ||
|---|---|---|---|
| 999 |
_c2693 _d2693 |
||
| 001 | 2693 | ||
| 003 | BD-JhCC | ||
| 005 | 20171106092422.0 | ||
| 008 | 171106s1971 bg |||| ||a| 000 0 ben d | ||
| 035 | _a(BD-JhCC) 2693 | ||
| 040 |
_aBD-JhCC _dBD-JhCC |
||
| 041 | _aben | ||
| 082 |
_a813.52 _bCOW 1971 |
||
| 100 | _aচৌধুরী, কবীর | ||
| 245 |
_aগ্রেট গ্যাটসবি / _cকবীর চৌধুরী |
||
| 260 |
_aঢাকা : _bব্রাইট বুক হাউস , _c1971 |
||
| 300 |
_a205 .: _c22 cm . |
||
| 650 | _aAmerican fiction | ||
| 942 |
_2ddc _cBK |
||